ज्ञान की कहानीयाँ : (Record no. 1069088)
[ view plain ]
| 000 -LEADER | |
|---|---|
| fixed length control field | 01096nam a2200301 a 4500 |
| 001 - CONTROL NUMBER | |
| control field | vtls001618945 |
| 003 - CONTROL NUMBER IDENTIFIER | |
| control field | NLI |
| 005 - DATE AND TIME OF LATEST TRANSACTION | |
| control field | 20210628133913.0 |
| 008 - FIXED-LENGTH DATA ELEMENTS--GENERAL INFORMATION | |
| fixed length control field | 121214n ii 000 0 ben |
| 020 ## - INTERNATIONAL STANDARD BOOK NUMBER | |
| Terms of availability | Rs. 1.25 |
| 039 #9 - LEVEL OF BIBLIOGRAPHIC CONTROL AND CODING DETAIL [OBSOLETE] | |
| -- | 201212141935 |
| -- | VLOAD |
| 040 ## - CATALOGING SOURCE | |
| Original cataloging agency | NLI |
| Language of cataloging | hineng |
| Transcribing agency | Datasoft_Hindi_Child |
| Description conventions | AACR2 |
| 041 0# - LANGUAGE CODE | |
| Language code of text/sound track or separate title | hin |
| 044 ## - COUNTRY OF PUBLISHING/PRODUCING ENTITY CODE | |
| MARC country code | ii |
| 084 ## - OTHER CLASSIFICATION NUMBER | |
| Classification number | H Sc |
| 100 1# - MAIN ENTRY--PERSONAL NAME | |
| Linkage | 880-01 |
| Personal name | भण्डारी, सी. एस., |
| Titles and words associated with a name | प्रो. |
| 9 (RLIN) | 1075275 |
| 245 10 - TITLE STATEMENT | |
| Linkage | 880-02 |
| Title | ज्ञान की कहानीयाँ : |
| Remainder of title | पहला भाग / |
| Statement of responsibility, etc. | सी. एस. भण्डारी |
| 260 ## - PUBLICATION, DISTRIBUTION, ETC. | |
| Place of publication, distribution, etc. | वाराणसी : |
| Name of publisher, distributor, etc. | हिन्दी प्रचारक पुस्तकालय, |
| Date of publication, distribution, etc. | [n.d.] |
| 300 ## - PHYSICAL DESCRIPTION | |
| Extent | 32 p. ; |
| Dimensions | 21 cm. |
| 650 #0 - SUBJECT ADDED ENTRY--TOPICAL TERM | |
| Topical term or geographic name entry element | Children's literature |
| 9 (RLIN) | 715727 |
| 880 ## - ALTERNATE GRAPHIC REPRESENTATION | |
| Linkage | 100-01 (B |
| a | Bhaṁdārī, C. S., |
| c | Pro |
| 880 ## - ALTERNATE GRAPHIC REPRESENTATION | |
| Linkage | 245-02 (B |
| a | Gyāna kī kahāniyīṁ : |
| b | pahalā bhāga / |
| c | C. S. Bhaṁdārī |
| 887 ## - NON-MARC INFORMATION FIELD | |
| Content of non-MARC field | |
| 901 ## - LOCAL DATA ELEMENT A, LDA (RLIN) | |
| a | 177 |
| b | 22.12.1959 |
| 902 ## - LOCAL DATA ELEMENT B, LDB (RLIN) | |
| a | H Sc B |
| 949 ## - LOCAL PROCESSING INFORMATION (OCLC) | |
| -- | VIRTUAITEM |
| -- | 10000 |
| -- | 100 |
| 6 | CHD000000177HIN |
| 942 ## - ADDED ENTRY ELEMENTS (KOHA) | |
| Source of classification or shelving scheme | Dewey Decimal Classification |
| Koha item type | Books |
| Withdrawn status | Lost status | Damaged status | Not for loan | Collection code | Home library | Current library | Shelving location | Date acquired | Total Checkouts | Full call number | Barcode | Date last seen | Price effective from | Koha item type |
|---|---|---|---|---|---|---|---|---|---|---|---|---|---|---|
| National Library of India | National Library of India | H Sc B | CHD000000177HIN | 28/06/2021 | 28/06/2021 | Books |
